Joan edukira

Проведение практических занятий по курсу «Специальная педагогика» методические рекомендации

Методические рекомендации составлены для помощи студентам педагогических специальностей в формировании необходимых компетенций по курсу «Специальная педагогика». Издание может быть полезным преподавателям, учителям и аспирантам....

Deskribapen osoa

Gorde:
Xehetasun bibliografikoak
Egile nagusia: Гайнутдинова М. Ю.
Formatua: Книга
Hizkuntza:Russian
Argitaratua: Ярославль 2012
Sarrera elektronikoa:https://e.lanbook.com/book/154021
https://e.lanbook.com/img/cover/book/154021.jpg
Etiketak: Etiketa erantsi
Etiketarik gabe, Izan zaitez lehena erregistro honi etiketa jartzen!
LEADER 01441nam0a2200253 i 4500
001 154021
003 RuSpLAN
005 20221220174105.0
008 221220s2012 ru gs 000 0 rus
040 |a RuSpLAN 
041 0 |a rus 
044 |a ru 
080 |a 378; 373.25 
084 |a 74.10  |2 rubbk 
245 0 0 |a Проведение практических занятий по курсу «Специальная педагогика»  |b методические рекомендации  |c Гайнутдинова М. Ю. 
260 |a Ярославль  |c 2012 
300 |a 59 с. 
504 |a Библиогр.: доступна в карточке книги, на сайте ЭБС Лань 
520 8 |a Методические рекомендации составлены для помощи студентам педагогических специальностей в формировании необходимых компетенций по курсу «Специальная педагогика». Издание может быть полезным преподавателям, учителям и аспирантам. 
521 8 |a Книга из коллекции - Психология. Педагогика 
100 1 |a Гайнутдинова М. Ю. 
856 4 |u https://e.lanbook.com/book/154021 
856 4 8 |u https://e.lanbook.com/img/cover/book/154021.jpg 
953 |a https://e.lanbook.com/img/cover/book/154021.jpg